000 01152cam a2200241 4500
001 ABS68238
008 040914n2004 000 0 eng u
035 _a(Sirsi) u127390
100 _aSheridan, P.
245 _aGround water rules cost more
260 _c2004
490 _aWastes Management
_vSeptember 2004, 46(1)
520 _aBriefly discusses the new draft groundwater directive, first of a series of daughter directives to support the water framework directive (Directive 2000/60/EC). The draft directive is intended to replace the current directive (Directive 80/68/EEC) in 2013 but obligations under the new directive, if made law, will have to be met sooner. Under the new directive, member states will have to draw up threshold values for a number of pollutants identified as groundwater pollutants, athough only nitrates and pesticides have a specific limit in the draft.
590 _aABS
590 _aABS
650 _aDIRECTIVE 2000/60/EC
650 _aWATER POLLUTION LAW
650 _aWATER INDUSTRY
650 _aGROUNDWATER PROTECTION
690 _aENVIRONMENT-CONTAMINATION
700 _aRyan, A.
942 _n0
999 _c117990
_d117990